ბათუმის შოთა რუსთაველის სახელმწიფო უნივერსიტეტის ბიბლიოთეკა

Нефтегазоносные бассейны зарубежных стран. (ბიბ.ჩანაწერი № 38383)

000 -LEADER
fixed length control field 00795nam a2200241Ia 4500
001 - CONTROL NUMBER
control field 4393
003 - CONTROL NUMBER IDENTIFIER
control field GE_BSU
008 - FIXED-LENGTH DATA ELEMENTS--GENERAL INFORMATION
fixed length control field 181216s||||||||xx |||||||||||||| ||und||
020 ## - INTERNATIONAL STANDARD BOOK NUMBER
International Standard Book Number 5247010515
040 ## - CATALOGING SOURCE
Transcribing agency GE_BSU
080 ## - UNIVERSAL DECIMAL CLASSIFICATION NUMBER
Universal Decimal Classification number 550.8+553.98(075)
100 ## - MAIN ENTRY--PERSONAL NAME
Personal name Высоцкий,И.В. Высоцкий,В.И. Оленин,В.Б.
245 ## - TITLE STATEMENT
Title Нефтегазоносные бассейны зарубежных стран.
245 ## - TITLE STATEMENT
Remainder of title Учеб. для вузов.
245 ## - TITLE STATEMENT
Statement of responsibility, etc. Ред. из-во. Н.В. Чистякова.
250 ## - EDITION STATEMENT
Edition statement 2-е изд. перераб. и доп.
260 ## - PUBLICATION, DISTRIBUTION, ETC.
Place of publication, distribution, etc. М.
260 ## - PUBLICATION, DISTRIBUTION, ETC.
Name of publisher, distributor, etc. Недра.
260 ## - PUBLICATION, DISTRIBUTION, ETC.
Date of publication, distribution, etc. 1990.
300 ## - PHYSICAL DESCRIPTION
Extent 405стр.с илл.
653 ## - INDEX TERM--UNCONTROLLED
Uncontrolled term Нефтегазоносные бассейны зарубежных стран.
942 ## - ADDED ENTRY ELEMENTS (KOHA)
Koha item type წიგნი
ეგზემპლარები
Withdrawn status Lost status Damaged status Not for loan Date acquired Barcode Date last seen Price effective from Koha item type Public note
        2018-12-17 9556 2018-12-17 2018-12-17 წიგნი საცავი